Random words to language - Statistics

General Stats
  • This quiz has been taken 75 times
    54 since last reset
  • The average score is 13 of 15
Answer Stats
Hint Answer % Correct
Va bene Italian
100%
Schöne Grüße German
98%
Theós (θεός) Greek
96%
Dōmo arigatōgozaimashita Japanese
96%
Fotografiya (фотография) Russian
96%
Effectivement French
93%
Obrigado Portuguese
93%
Dinero Spanish
93%
Xièxiè Mandarin
91%
Juseu (주스) Korean
89%
Salam ealaykum Arabic
85%
Cogito ergo sum Latin
83%
Vaarwel Dutch
78%
Éireann Irish
72%
Kyoon kar (क्यूं कर) Hindi
63%
No matching quizzes found
Score Distribution
Percent of People with Each Score
Percentile by Number Answered
Your Score History
You have not taken this quiz since the last reset